LEADER 05425nam 2200721 450 001 9910458478503321 005 20200520144314.0 010 $a0-19-939866-6 010 $a0-19-939867-4 010 $a0-19-939865-8 035 $a(CKB)2550000001329147 035 $a(EBL)1732022 035 $a(SSID)ssj0001262055 035 $a(PQKBManifestationID)11725753 035 $a(PQKBTitleCode)TC0001262055 035 $a(PQKBWorkID)11211746 035 $a(PQKB)11145113 035 $a(StDuBDS)EDZ0001446354 035 $a(MiAaPQ)EBC1732022 035 $a(Au-PeEL)EBL1732022 035 $a(CaPaEBR)ebr10891838 035 $a(CaONFJC)MIL626096 035 $a(OCoLC)883571231 035 $a(EXLCZ)992550000001329147 100 $a20140723h20142014 uy 0 101 0 $aeng 135 $aur|n|---||||| 181 $ctxt 182 $cc 183 $acr 200 10$aIntroduction to psychological theories and psychotherapy /$fAndrew Koffmann, M. Grace Walters 210 1$aNew York, New York :$cOxford University Press,$d2014. 210 4$d©2014 215 $a1 online resource (329 p.) 225 1 $aPittsburgh Pocket Psychiatry Series 300 $aDescription based upon print version of record. 311 $a0-19-991796-5 311 $a1-306-94845-2 320 $aIncludes bibliographical references and index. 327 $aCover; Introduction to Psychological Theories and Psychotherapy; Copyright; Contents; Detailed Contents; 1 Introduction; Overview of the Book; 2 Psychological Theories: Key Concepts; The Evolution of Psychodynamic Theory; Introduction; Freud's Life and the Origins of Psychodynamic Theory; The Vienna Psychoanalytic Society; Ego Psychology; Object Relations Theory; The Interpersonal School; Psychodynamic Approaches to Character and the Self; Child Analysis and Developmental Theory; Current Trends in Psychodynamic Theory; The Evolution of Cognitive and Behavior Therapies 327 $aBehaviorism: The First WaveBehaviorism: The Second Wave; Behaviorism: The Third Wave; 3 Toward an Integrated Understanding of Psychotherapy: Useful Perspectives; Neurobiological Correlates of Psychological Theory and Psychotherapy; Neuroplasticity and Four Key Phenomena; Neurobiology and the Psychotherapy of Depression; Neurobiology and the Psychotherapy of PTSD; Summary; Research Findings in Psychology; What Do We Know About the Rate of Recovery in Psychotherapy?; In General, How Does Psychotherapy Work?; Research Findings from Treatment Studies; Efficacy vs. Effectiveness 327 $aMonotherapy vs. Combined TreatmentContinuation and Maintenance Psychotherapy; Bringing a Psychotherapeutic Understanding to Pharmacotherapy; Psychotherapy Within Psychiatry: Narrowing Indications and Broadening Options; Recommended Reading; 4 Learning Psychotherapy; Introduction; Basic Skills; Attending and Listening skills; Restatements; Questions; Showing Empathy; Challenges; Common Psychotherapeutic Techniques; Proposed Learning Sequence ; Recommended Reading; 5 Current Psychotherapies; Psychotherapy Training; Individual Psychodynamic Psychotherapies; Psychoanalysis 327 $aPsychodynamic PsychotherapyTransference-Focused Psychotherapy (TFP); Mentalization-Based Treatment (MBT); Supportive Psychotherapy (Including Psychoeducation); Play Therapy; Individual Behavior Therapies; Cognitive-Behavioral Therapy (CBT); Exposure and Response Prevention (ERP); Brief Cognitive Therapy for Panic Disorder; Prolonged Exposure for Posttraumatic Stress Disorder (PE-PTSD); Dialectical Behavior Therapy (DBT); Applied Behavior Analysis (ABA); Other Individual Psychotherapies; Interpersonal Psychotherapy (IPT); Motivational Interviewing (MI); Twelve-Step Facilitation 327 $aEye Movement Desensitization and Reprocessing (EMDR)Biofeedback for Mental Disorders; Therapies from Complementary and Alternative Medicine; Psychotherapy for Multiple Patients; Group Psychotherapy; Mindfulness-Based Cognitive Therapy (MBCT); Family Therapy; Recommended Reading; 6 Conclusions; Psychiatry, Psychotherapy, and the Future; Anticipations in Neuroscience; Anticipations in Psychological Theory; Next Steps: Further Training and Self-Study; References; Glossary; Index 330 $aThis is an introductory text on psychological theories and psychotherapy that approaches the topic from a multidisciplinary perspective. Written for psychiatry residents, but of notable relevance to other students and practitioners in medical and mental health fields, this book lays out a specific sequence for learning psychotherapy that emphasizes the fundamental importance of acquiring an appropriate foundational knowledge base in addition to learning the specific techniques of psychotherapies. Beyond emphasizing the details of major treatment models as well as the theory and research findin 410 0$aPittsburgh pocket psychiatry series. 606 $aPsychotherapy 606 $aPsychology 606 $aPsychiatry 608 $aElectronic books. 615 0$aPsychotherapy. 615 0$aPsychology. 615 0$aPsychiatry. 676 $a616.89/14 700 $aKoffmann$b Andrew$0892201 702 $aWalters$b M. Grace 801 0$bMiAaPQ 801 1$bMiAaPQ 801 2$bMiAaPQ 906 $aBOOK 912 $a9910458478503321 996 $aIntroduction to psychological theories and psychotherapy$91992376 997 $aUNINA LEADER 01087nam a22002651i 4500 001 991003500109707536 005 20030829034327.0 008 031111s1969 sz |||||||||||||||||fre 035 $ab12435065-39ule_inst 035 $aARCHE-046835$9ExL 040 $aDip.to Lingue$bita$cA.t.i. Arché s.c.r.l. Pandora Sicilia s.r.l. 082 04$a842.3 100 1 $aChasles, Émile$d<1827-1908>$0456455 245 13$aLa comédie en France au seizième siècle /$cÉmile Chasles 260 $aGenève :$bSlatkine Reprints,$c1969 300 $a214 p. ;$c22 cm 500 $aRéimpression de l'édition de Paris, 1862 650 4$aCommedia francese$ySec. 16. 907 $a.b12435065$b02-04-14$c13-11-03 912 $a991003500109707536 945 $aLE012 F 242$g1$i2012000091160$lle012$o-$pE0.00$q-$rl$s- $t0$u0$v0$w0$x0$y.i12860761$z13-11-03 945 $aLE012 F 242/A$g2$i2012000091177$lle012$o-$pE0.00$q-$rl$s- $t0$u0$v0$w0$x0$y.i12860773$z13-11-03 996 $aComédie en France au seizième siècle$9165631 997 $aUNISALENTO 998 $ale012$b13-11-03$cm$da $e-$ffre$gsz $h3$i2 LEADER 01989oam 22006255 450 001 9910780358203321 005 20200520144314.0 010 $a1-280-08400-6 010 $a9786610084005 010 $a0-585-47639-X 024 7 $a10.1596/0-8213-5345-4 035 $a(CKB)111087027994960 035 $a(OCoLC)53225266 035 $a(CaPaEBR)ebrary10044401 035 $a(SSID)ssj0000401099 035 $a(PQKBManifestationID)11292117 035 $a(PQKBTitleCode)TC0000401099 035 $a(PQKBWorkID)10398213 035 $a(PQKB)11402616 035 $a(MiAaPQ)EBC3050605 035 $a(Au-PeEL)EBL3050605 035 $a(CaPaEBR)ebr10044401 035 $a(CaONFJC)MIL8400 035 $a(The World Bank)2003057553 035 $a(US-djbf)13270957 035 $a(EXLCZ)99111087027994960 100 $a20030711d2003 uy 0 101 0 $aeng 135 $aurcn||||||||| 181 $ctxt$2rdacontent 182 $cc$2rdamedia 183 $acr$2rdacarrier 200 10$aAchieving universal primary education by 2015 : $ea chance for every child /$fBarbara Bruns, Alain Mingat, and Ramahatra Rakotomalala 210 1$aWashington, D.C. :$cWorld Bank,$dc2003. 215 $ax, 241 pages $cillustrations ;$d26 cm. +$e1 CD-ROM (4 3/4 in.) 300 $aBibliographic Level Mode of Issuance: Monograph 311 $a0-8213-5345-4 320 $aIncludes bibliographical references. 410 0$aWorld Bank e-Library. 517 3 $aChance for every child 606 $aEducation, Primary 606 $aEducation and state 615 0$aEducation, Primary. 615 0$aEducation and state. 676 $a379.2/6 700 $aBruns$b Barbara$01465773 701 $aMingat$b Alain$0250668 701 $aRakotomalala$b Ramahatra$f1959-$01522847 801 0$bDLC 801 1$bDLC 801 2$bDLC 906 $aBOOK 912 $a9910780358203321 996 $aAchieving universal primary education by 2015$93765349 997 $aUNINA